Boundary disputes and how to resolve them. (Record no. 96862)

MARC details
000 -LEADER
fixed length control field 00689cam a2200253 4500
008 - FIXED-LENGTH DATA ELEMENTS--GENERAL INFORMATION
fixed length control field 090401t1998 xxu||||| |||| 00| 0 eng d
020 ## - INTERNATIONAL STANDARD BOOK NUMBER
International Standard Book Number 0854068589
035 ## - SYSTEM CONTROL NUMBER
System control number (Sirsi) u83058
041 ## - LANGUAGE CODE
Language code of text/sound track or separate title eng
050 ## - LIBRARY OF CONGRESS CALL NUMBER
Classification number 346.410432
110 ## - MAIN ENTRY--CORPORATE NAME
Corporate name or jurisdiction name as entry element Royal Institution of Chartered Surveyors
9 (RLIN) 4900
245 ## - TITLE STATEMENT
Title Boundary disputes and how to resolve them.
250 ## - EDITION STATEMENT
Edition statement 2nd ed.
260 ## - PUBLICATION, DISTRIBUTION, ETC.
Place of publication, distribution, etc. London
Name of publisher, distributor, etc. RICS
Date of publication, distribution, etc. 1998
300 ## - PHYSICAL DESCRIPTION
Extent 87p. : ill. ; 21cm.
350 ## - PRICE (NR) (BK AM CF MU VM SE) [OBSOLETE]
Price 10.5
520 ## - SUMMARY, ETC.
Summary, etc. Superseded by third edition (ISBN 1842191896).
650 ## - SUBJECT ADDED ENTRY--TOPICAL TERM
Topical term or geographic name entry element Boundary disputes
9 (RLIN) 6221
650 ## - SUBJECT ADDED ENTRY--TOPICAL TERM
Topical term or geographic name entry element Boundary disputes
9 (RLIN) 6221
690 ## - LOCAL SUBJECT ADDED ENTRY--TOPICAL TERM (OCLC, RLIN)
Topical term or geographic name as entry element LAND
700 ## - ADDED ENTRY--PERSONAL NAME
Personal name Anstey, John
942 ## - ADDED ENTRY ELEMENTS (KOHA)
Suppress in OPAC 0
948 ## - LOCAL PROCESSING INFORMATION (OCLC); SERIES PART DESIGNATOR (RLIN)
c (OCLC) 13/01/1998
Holdings
Withdrawn status Lost status Source of classification or shelving scheme Damaged status Not for loan Home library Current library Shelving location Date acquired Cost, normal purchase price Total Checkouts Full call number Barcode Date last seen Copy number Cost, replacement price Price effective from Koha item type Date last checked out
    Dewey Decimal Classification     London London RICS Boxes 14/09/1999 10.50   RICS 1998/3 30054936 06/08/2019 1 10.50 06/08/2019 Archive  
    Dewey Decimal Classification     London London RICS Boxes 14/09/1999 10.50   RICS 1998/3 30054937 06/08/2019 2 10.50 06/08/2019 Reference material  
    Dewey Decimal Classification     London London RICS Boxes 14/09/1999 10.50 27 RICS 1998/3 30054938 06/08/2019 3 10.50 06/08/2019 Book 05/11/2004